Movie references in The Simpsons #5 - Statistics

General Stats
  • This quiz has been taken 7 times
  • The average score is 7 of 20
Answer Stats
Picture Answer % Correct
A Clockwork Orange
80%
The Fly
80%
The Green Mile
80%
The Wizard of Oz (1939)
80%
Rocky
60%
Avatar
40%
The Godfather Part II
40%
The Lion King (1994)
40%
Twilight
40%
Vertigo (1958)
40%
You Only Live Twice
40%
Back to the Future
20%
Batman (1989)
20%
Edward Scissorhands
20%
The Great Gatsby (2013)
20%
Brokeback Mountain
0%
Clueless
0%
Midnight Express
0%
Saw
0%
The 400 Blows
0%
No matching quizzes found
Score Distribution
Percent of People with Each Score
Percentile by Number Answered
Your Score History
You have not taken this quiz